[Event "Tambov Korensky Memorial 21st"]
[Site "Tambov"]
[Date "2012.08.19"]
[Round "2"]
[White "Dikov, Alexander I"]
[Black "Schirov, Sergey"]
[Result "0-1"]
[WhiteElo "1970"]
[BlackElo "2029"]
[PlyCount "98"]
[EventDate "2012.08.18"]
[EventType "swiss"]
[EventRounds "9"]
[EventCountry "RUS"]
[SourceTitle "CBM 150 Extra"]
[Source "ChessBase"]
[SourceDate "2012.10.19"]
[SourceVersion "1"]
[SourceVersionDate "2012.10.19"]
[SourceQuality "1"]

1. e4 e6 2. d4 d5 3. Nd2 dxe4 4. Nxe4 Be7 5. Nf3 Nf6 6. Bd3 Nbd7 7. Ng3 c5 8. c3 b6 9. a4 Bb7 10. 0-0 h5 11. h4 cxd4 12. cxd4 Rc8 13. Ng5 Nb8 14. Bb5+ Kf8 15. Qe2 Bd5 16. Bf4 Nc6 17. Be5 Ng4 18. Ba6 Ngxe5 19. dxe5 Bxg5 20. Bxc8 Bf4 21. Ba6 Qxh4 22. Rac1 Bxc1 23. Rxc1 Qf4 24. Rc3 h4 25. Nf1 Qg5 26. f3 g6 27. Qe3 Qxe3+ 28. Nxe3 Nxe5 29. Nxd5 exd5 30. Rc8+ Kg7 31. Rxh8 Kxh8 32. Kf2 Kg7 33. b3 Kf6 34. Ke3 Ke6 35. Bb5 Kd6 36. Be8 Ke7 37. Bb5 f6 38. f4 Ng4+ 39. Kd4 Kd6 40. Be8 g5 41. Bf7 gxf4 42. Bxd5 Ne5 43. Bg8 f3 44. gxf3 Nxf3+ 45. Ke3 Ne5 46. Bh7 Kc5 47. Kf4 Kb4 48. Bg8 Nd3+ 49. Kg4 Nc5 0-1

[Event "Tambov Korensky Memorial 19th"]
[Site "Tambov"]
[Date "2010.08.28"]
[Round "8"]
[White "Schirov, Sergey"]
[Black "Temnov, Mikhail"]
[Result "1-0"]
[WhiteElo "1987"]
[BlackElo "2050"]
[PlyCount "139"]
[EventDate "2010.08.21"]
[EventType "swiss"]
[EventRounds "9"]
[EventCountry "RUS"]
[SourceTitle "EXT 2022"]
[Source "ChessBase"]
[SourceDate "2021.10.06"]
[SourceVersion "1"]
[SourceVersionDate "2021.10.06"]
[SourceQuality "1"]

1. e4 c6 2. Nf3 d5 3. Nc3 Bg4 4. h3 Bxf3 5. Qxf3 e6 6. Qg3 Nd7 7. Be2 d4 8. Nd1 Ngf6 9. d3 e5 10. 0-0 Qc7 11. c3 c5 12. Bd2 Rc8 13. Rc1 Qb8 14. b3 b5 15. f4 Bd6 16. f5 Rg8 17. Qf3 Ke7 18. Nf2 Ne8 19. Qh5 Nef6 20. Qh4 h6 21. g4 c4 22. dxc4 bxc4 23. Bxc4 Qb7 24. Bd5 Qa6 25. a4 Qe2 26. Rfd1 Ba3 27. Rc2 Rxc3 28. Rxc3 dxc3 29. Bxc3 Rc8 30. Bc4 Rxc4 31. bxc4 Bc5 32. Re1 Qxc4 33. Bd2 Qd3 34. Bc1 Ke8 35. Kg2 Qc3 36. Rf1 Qc2 37. g5 hxg5 38. Bxg5 Bxf2 39. Qxf2 Qxf2+ 40. Rxf2 Nxe4 41. Rc2 Nxg5 42. Rc8+ Ke7 43. Rc7 g6 44. fxg6 fxg6 45. Rxa7 Ne6 46. Ra5 Ndc5 47. Kg3 Kf6 48. Ra8 Kf5 49. a5 Nc7 50. Rf8+ Kg5 51. h4+ Kh6 52. Rc8 N7a6 53. Rc6 Kh5 54. Rc8 Kh6 55. Kg4 e4 56. Rc6 Kg7 57. Rb6 Kf7 58. Kf4 Kg7 59. Kg5 Kf7 60. Rf6+ Kg7 61. Rxg6+ Kf7 62. Rf6+ Kg7 63. h5 e3 64. h6+ Kh7 65. Rf7+ Kg8 66. Re7 Nb3 67. Rxe3 Nd4 68. Re7 Nc5 69. h7+ Kh8 70. Kg6 1-0

[Event "Tambov Korensky Memorial 19th"]
[Site "Tambov"]
[Date "2010.08.22"]
[Round "2"]
[White "Lukovnikov, Alexander"]
[Black "Schirov, Sergey"]
[Result "1-0"]
[WhiteElo "2351"]
[BlackElo "1987"]
[PlyCount "105"]
[EventDate "2010.08.21"]
[EventType "swiss"]
[EventRounds "9"]
[EventCountry "RUS"]
[SourceTitle "EXT 2022"]
[Source "ChessBase"]
[SourceDate "2021.10.06"]
[SourceVersion "1"]
[SourceVersionDate "2021.10.06"]
[SourceQuality "1"]

1. e4 e6 2. Nc3 d5 3. Nf3 c5 4. exd5 exd5 5. d4 Nf6 6. Bb5+ Nc6 7. 0-0 c4 8. Ne5 Bd7 9. Re1 Be7 10. Bg5 a6 11. Bxf6 gxf6 12. Nxd7 Qxd7 13. Bxc6 bxc6 14. b3 cxb3 15. cxb3 Rg8 16. Qd3 Qg4 17. g3 Qg6 18. Qe2 Ra7 19. Rac1 Kf8 20. Na4 Bb4 21. Red1 f5 22. Nc5 Ba3 23. Rc3 Qg4 24. Qxg4 Rxg4 25. f3 Rg6 26. Nd3 Be7 27. Ne5 Re6 28. Rxc6 Rxc6 29. Nxc6 Rc7 30. Nxe7 Kxe7 31. Rd2 f4 32. gxf4 Kf6 33. Kf2 Kf5 34. Kg3 f6 35. Re2 Rg7+ 36. Kf2 Rc7 37. Kg3 Rg7+ 38. Kf2 Rc7 39. b4 Rc4 40. Rb2 Rxd4 41. a4 Rxf4 42. b5 axb5 43. axb5 Rc4 44. b6 Rc8 45. b7 Rb8 46. Ke3 Ke5 47. Rb5 h5 48. h4 Ke6 49. Kd4 Kf5 50. Kxd5 Kf4 51. Ke6 Kxf3 52. Kxf6 Kg3 53. Kg5 1-0